000 00240nam a2200097Ia 4500
001 1223576
005 20250827092910.0
008 250824s9999 xx 000 0 und d
245 0 _aSÖZÜN EŞİĞİNDE
_cİHSAN FAZLIOĞLU
260 _bKETEBE
999 _c1223576
_d1223576